North Africa's French legacy, 1954-1962

Αποθηκεύτηκε σε:
Λεπτομέρειες βιβλιογραφικής εγγραφής
Κύριος συγγραφέας: Gordon, David C.
Μορφή: Βιβλίο
Γλώσσα:English
Δημοσίευση: Cambridge : Distributed for the Center for Middle Eastern Studies of Harvard University by Harvard University Press, 1962.
Σειρά:Harvard Middle Eastern monographs
Θέματα:
Ετικέτες: Προσθήκη ετικέτας
Δεν υπάρχουν, Καταχωρήστε ετικέτα πρώτοι!

MARC

LEADER 00000cam a2200000 a 4500
001 1/110027
008 160222s1962####mau| ||| |||| ||eng||
040 |a GR-MyUa  |b gre  |c GR-MyUa  |e AACR2 
041 0 |a eng 
082 7 |a 327.44061   |2 (23)  
100 1 |a Gordon, David C. 
245 1 0 |a North Africa's French legacy, 1954-1962 /   |c by David C. Gordon.  
260 |a Cambridge :   |b Distributed for the Center for Middle Eastern Studies of Harvard University by Harvard University Press,   |c 1962.  
300 |a 121 σ. ;   |c 21 εκ.  
490 1 |a (Harvard Middle Eastern monographs ;   |v 9)  
504 |a Περιλαμβάνει βιβλιογραφία.  
651 0 |a France  |x Relations  |z Africa, North. 
651 0 |a Africa, North   |x Relations   |z France. 
830 0 |a Harvard Middle Eastern monographs 
852 |a INST  |b LESVOS  |e 20160222  |h 327.44061 GOR  |p 005100057292  |q 005100057292  |t BK  |y 0 
970 |a Τζαφέρη  |b Ευαγγελία  |z 22-02-2016